[Event "Titled Tuesday 2024.12.10 Early"]
[Site "chess.com INT"]
[Date "2024.12.10"]
[Round "7"]
[White "Vettese, Nicholas"]
[Black "Gubajdullin, A."]
[Result "1-0"]
[WhiteElo "2348"]
[BlackElo "2238"]
[PlyCount "79"]
[GameId "2129405226366327"]
[EventDate "2024.12.10"]
[EventType "swiss (blitz)"]
[EventRounds "11"]
[EventCountry "NET"]
[SourceTitle "The Week in Chess 1571"]
[Source "Mark Crowther"]
[SourceDate "2024.12.16"]
[SourceVersion "1"]
[SourceVersionDate "2024.12.16"]
[SourceQuality "2"]

1. b3 Nf6 2. Bb2 g6 3. Bxf6 exf6 4. Nf3 d5 5. g3 c6 6. Bg2 a5 7. c4 d4 8. e3 Bc5 9. O-O O-O 10. Re1 Na6 11. a3 Bf5 12. e4 Bg4 13. d3 Qd6 14. h3 Be6 15. Qc1 Bb6 16. Nbd2 Qd7 17. Qb1 Bxh3 18. Bxh3 Qxh3 19. b4 axb4 20. axb4 Bc7 21. Nf1 f5 22. e5 f4 23. Nxd4 Rad8 24. Nf3 Qh5 25. Kg2 c5 26. Rxa6 bxa6 27. bxc5 Rfe8 28. d4 Rb8 29. Qe4 fxg3 30. Nxg3 Qh6 31. Qc6 Ba5 32. Rh1 Qf4 33. Rh4 Qc1 34. Ne4 Re6 35. Nf6+ Rxf6 36. exf6 Qxc4 37. Re4 Rf8 38. Re8 Qb5 39. Rxf8+ Kxf8 40. Qd6+ 1-0

[Event "Titled Tuesday 2024.12.10 Early"]
[Site "chess.com INT"]
[Date "2024.12.10"]
[Round "8"]
[White "Svanda, Ondrej"]
[Black "Vettese, Nicholas"]
[Result "0-1"]
[WhiteElo "2379"]
[BlackElo "2348"]
[PlyCount "80"]
[GameId "2129405226366570"]
[EventDate "2024.12.10"]
[EventType "swiss (blitz)"]
[EventRounds "11"]
[EventCountry "NET"]
[SourceTitle "The Week in Chess 1571"]
[Source "Mark Crowther"]
[SourceDate "2024.12.16"]
[SourceVersion "1"]
[SourceVersionDate "2024.12.16"]
[SourceQuality "2"]

1. e4 c5 2. Nf3 b6 3. d4 cxd4 4. Nxd4 Bb7 5. Nc3 a6 6. Be3 e6 7. Qd2 b5 8. a3 Nf6 9. f3 d6 10. O-O-O Nbd7 11. g4 Ne5 12. g5 Nfd7 13. Rg1 Nb6 14. f4 Nec4 15. Qf2 Rc8 16. Nb3 Nxe3 17. Qxe3 Qc7 18. Rd2 Be7 19. f5 e5 20. h4 Na4 21. Nd5 Bxd5 22. exd5 Bd8 23. f6 gxf6 24. Bh3 Rb8 25. gxf6 Bxf6 26. Qh6 Qe7 27. Na5 Bxh4 28. Nc6 Qf6 29. Qxf6 Bxf6 30. Nxb8 h6 31. Nc6 Bg5 32. b3 Nc3 33. Bf5 Ne2+ 34. Kd1 Nxg1 35. Rf2 Bf4 36. Rg2 Nf3 37. Rg7 h5 38. Bh3 Ng5 39. Bf5 Kf8 40. Rxg5 Bxg5 0-1

[Event "Titled Tuesday 2024.12.10 Early"]
[Site "chess.com INT"]
[Date "2024.12.10"]
[Round "9"]
[White "Vettese, Nicholas"]
[Black "Sjugirov, S."]
[Result "0-1"]
[WhiteElo "2348"]
[BlackElo "2646"]
[PlyCount "102"]
[GameId "2129405226366830"]
[EventDate "2024.12.10"]
[EventType "swiss (blitz)"]
[EventRounds "11"]
[EventCountry "NET"]
[SourceTitle "The Week in Chess 1571"]
[Source "Mark Crowther"]
[SourceDate "2024.12.16"]
[SourceVersion "1"]
[SourceVersionDate "2024.12.16"]
[SourceQuality "2"]

1. e4 c6 2. d4 d5 3. e5 Bf5 4. h4 h6 5. g4 Bd7 6. c4 e6 7. Nc3 Ne7 8. h5 c5 9. Nf3 cxd4 10. Nxd4 a6 11. Bg2 Nbc6 12. cxd5 exd5 13. O-O Nxd4 14. Qxd4 Nc6 15. Qf4 Be6 16. Nxd5 Bxd5 17. Rd1 Nb4 18. Bxd5 Nxd5 19. Qe4 Be7 20. Qxd5 Qc8 21. Qe4 O-O 22. Be3 Qe6 23. Qf5 Qc4 24. Rd7 Rae8 25. Rc1 Qxa2 26. Rcc7 Bb4 27. Rxb7 a5 28. Kg2 Qc4 29. g5 hxg5 30. Bxg5 Qc6+ 31. Kg1 Qe6 32. Qxe6 Rxe6 33. f4 Rc6 34. Rdc7 Rxc7 35. Rxc7 Rb8 36. Rd7 Rb6 37. Rd8+ Kh7 38. Rd7 Bc5+ 39. Kf1 Rxb2 40. Rxf7 Kg8 41. Rc7 Bb6 42. Rb7 a4 43. e6 Bd4 44. Rxb2 Bxb2 45. Be7 a3 46. Bxa3 Bxa3 47. Kg2 Kh7 48. Kg3 Kh6 49. Kg4 Be7 50. Kf5 Kxh5 51. Ke5 Kg6 0-1

[Event "Titled Tuesday 2024.12.10 Early"]
[Site "chess.com INT"]
[Date "2024.12.10"]
[Round "10"]
[White "Poltorak, Sebastian"]
[Black "Vettese, Nicholas"]
[Result "1-0"]
[WhiteElo "2399"]
[BlackElo "2348"]
[PlyCount "59"]
[GameId "2129405226366993"]
[EventDate "2024.12.10"]
[EventType "swiss (blitz)"]
[EventRounds "11"]
[EventCountry "NET"]
[SourceTitle "The Week in Chess 1571"]
[Source "Mark Crowther"]
[SourceDate "2024.12.16"]
[SourceVersion "1"]
[SourceVersionDate "2024.12.16"]
[SourceQuality "2"]

1. e4 c5 2. Nf3 b6 3. d4 cxd4 4. Nxd4 Bb7 5. Bd3 Nc6 6. Nxc6 dxc6 7. O-O e5 8. f4 Bc5+ 9. Kh1 Ne7 10. fxe5 Ng6 11. e6 fxe6 12. Qg4 Qe7 13. Bg5 Qd7 14. Bc4 Bc8 15. Qh5 Qd4 16. Nd2 Qxb2 17. Rad1 b5 18. Bd3 e5 19. Nc4 Qc3 20. Bd2 Qd4 21. Be3 bxc4 22. Bxd4 Bxd4 23. Bxc4 Bd7 24. Bf7+ Ke7 25. Bxg6 hxg6 26. Qxg6 Raf8 27. c3 Rxf1+ 28. Rxf1 Re8 29. cxd4 exd4 30. Qxg7+ 1-0

[Event "Titled Tuesday 2024.12.10 Late"]
[Site "chess.com INT"]
[Date "2024.12.10"]
[Round "1"]
[White "Vettese, Nicholas"]
[Black "Wu, Andrew"]
[Result "1-0"]
[WhiteElo "2348"]
[BlackElo "2172"]
[PlyCount "113"]
[GameId "2129405226404324"]
[EventDate "2024.12.10"]
[EventType "swiss (blitz)"]
[EventRounds "11"]
[EventCountry "NET"]
[SourceTitle "The Week in Chess 1571"]
[Source "Mark Crowther"]
[SourceDate "2024.12.16"]
[SourceVersion "1"]
[SourceVersionDate "2024.12.16"]
[SourceQuality "2"]

1. b3 Nf6 2. Bb2 d5 3. Nf3 c6 4. e3 Bf5 5. c4 e6 6. Nh4 Bg6 7. Nxg6 hxg6 8. Nc3 Bd6 9. g3 Nbd7 10. Bg2 Qe7 11. a3 O-O 12. O-O Ne5 13. d4 Ned7 14. c5 Bc7 15. f4 b6 16. b4 Rab8 17. Qa4 bxc5 18. dxc5 Nxc5 19. Qxc6 Nd3 20. Rab1 Bb6 21. Nd1 Rfc8 22. Qa4 Ng4 23. Qb3 Nxe3 24. Qxd3 Nxd1+ 25. Bd4 Nc3 26. Bxb6 Nxb1 27. Bd4 Nxa3 28. Qxa3 Qxb4 29. Qa1 Rc2 30. Qxa7 Rb7 31. Qa8+ Rb8 32. Qa7 Rb7 33. Qa1 Qd2 34. Bf2 Rbc7 35. Qd4 R7c4 36. Qxd2 Rxd2 37. Bf3 Rcc2 38. h4 Ra2 39. Be3 Rd3 40. Bc5 Rc2 41. Bd6 f6 42. h5 gxh5 43. f5 e5 44. Rf2 Rxf2 45. Kxf2 Rd2+ 46. Be2 d4 47. Ke1 Ra2 48. Bc4+ Kh7 49. Bxa2 g6 50. Bb1 gxf5 51. Bxf5+ Kh6 52. Be7 Kg5 53. Be6 Kg6 54. Ke2 f5 55. Kf3 d3 56. Ke3 e4 57. Bh4 1-0

[Event "Titled Tuesday 2024.12.10 Late"]
[Site "chess.com INT"]
[Date "2024.12.10"]
[Round "2"]
[White "Baches Garcia, G."]
[Black "Vettese, Nicholas"]
[Result "0-1"]
[WhiteElo "2322"]
[BlackElo "2348"]
[PlyCount "56"]
[GameId "2129405226404462"]
[EventDate "2024.12.10"]
[EventType "swiss (blitz)"]
[EventRounds "11"]
[EventCountry "NET"]
[SourceTitle "The Week in Chess 1571"]
[Source "Mark Crowther"]
[SourceDate "2024.12.16"]
[SourceVersion "1"]
[SourceVersionDate "2024.12.16"]
[SourceQuality "2"]

1. d4 c5 2. c3 Nf6 3. Nf3 d5 4. Bg5 Ne4 5. Bf4 Nc6 6. dxc5 Nxc5 7. Nbd2 g6 8. e3 Bg7 9. Be2 O-O 10. O-O e5 11. Bg3 Be6 12. Bb5 f6 13. b4 Nd7 14. Nb3 Rc8 15. Qd2 Nb6 16. Nc5 Qe7 17. Nxe6 Qxe6 18. Rfd1 Rfd8 19. h3 Ne7 20. Rac1 Nf5 21. Bh2 Nd6 22. Bf1 Ne4 23. Qb2 Na4 24. Qa3 Naxc3 25. Qxa7 Nxd1 26. Rxd1 Qc6 27. Bd3 Ra8 28. b5 Qc7 0-1

[Event "Titled Tuesday 2024.12.10 Late"]
[Site "chess.com INT"]
[Date "2024.12.10"]
[Round "3"]
[White "Vettese, Nicholas"]
[Black "Bernado Lopez, Roger"]
[Result "1-0"]
[WhiteElo "2348"]
[BlackElo "2195"]
[PlyCount "67"]
[GameId "2129405226425133"]
[EventDate "2024.12.10"]
[EventType "swiss (blitz)"]
[EventRounds "11"]
[EventCountry "NET"]
[SourceTitle "The Week in Chess 1571"]
[Source "Mark Crowther"]
[SourceDate "2024.12.16"]
[SourceVersion "1"]
[SourceVersionDate "2024.12.16"]
[SourceQuality "2"]

1. b3 e5 2. Bb2 Nc6 3. e3 Nf6 4. Nf3 e4 5. Nd4 Bc5 6. Nxc6 dxc6 7. d4 Bd6 8. c4 h5 9. Nc3 h4 10. h3 Bf5 11. Be2 Rh6 12. Qd2 Rg6 13. Bf1 Kf8 14. O-O-O Kg8 15. Kb1 a5 16. a3 Bf8 17. Ka2 Nd7 18. Qc2 Qe7 19. Rg1 Nf6 20. f4 Nh5 21. Ne2 Ng3 22. Nxg3 Rxg3 23. Qf2 a4 24. b4 b5 25. cxb5 cxb5 26. Bxb5 Qe6+ 27. d5 Qb6 28. Bc6 Rb8 29. Bd4 Qa6 30. Qf1 Qxf1 31. Rdxf1 Bxb4 32. Rb1 g5 33. fxg5 Rxg5 34. axb4 1-0

[Event "Titled Tuesday 2024.12.10 Late"]
[Site "chess.com INT"]
[Date "2024.12.10"]
[Round "4"]
[White "Vettese, Nicholas"]
[Black "Tang, Andrew"]
[Result "1/2-1/2"]
[WhiteElo "2348"]
[BlackElo "2527"]
[PlyCount "144"]
[GameId "2129405226433682"]
[EventDate "2024.12.10"]
[EventType "swiss (blitz)"]
[EventRounds "11"]
[EventCountry "NET"]
[SourceTitle "The Week in Chess 1571"]
[Source "Mark Crowther"]
[SourceDate "2024.12.16"]
[SourceVersion "1"]
[SourceVersionDate "2024.12.16"]
[SourceQuality "2"]

1. e4 e6 2. d4 d5 3. Nd2 dxe4 4. Nxe4 Nd7 5. Nf3 Ngf6 6. Nxf6+ Nxf6 7. g3 Bd7 8. Ne5 Bc6 9. Nxc6 Qd5 10. Rg1 Qxc6 11. Bg2 Qb6 12. c3 Be7 13. Qb3 c6 14. Qxb6 axb6 15. Ke2 b5 16. Be3 Kd7 17. a3 h5 18. h3 Nd5 19. Bd2 Nb6 20. Kd3 Nc4 21. Kc2 g5 22. Rae1 g4 23. hxg4 hxg4 24. Rh1 Bd6 25. Rxh8 Rxh8 26. Rh1 Rxh1 27. Bxh1 f5 28. Bc1 Ke7 29. Kd3 Kf6 30. a4 Na5 31. axb5 cxb5 32. Be3 Nc6 33. Bg2 Ke7 34. Kc2 Kd7 35. Bf1 b4 36. c4 e5 37. d5 Nd4+ 38. Bxd4 exd4 39. Bd3 f4 40. Bf5+ Ke7 41. gxf4 Bxf4 42. c5 g3 43. fxg3 Bxg3 44. Kd3 Be5 45. Bc8 b6 46. cxb6 Kd6 47. Be6 Kc5 48. b7 Bb8 49. b3 Bc7 50. Ke4 Bb8 51. Bg4 Bc7 52. Be2 Bb8 53. Bd3 Bc7 54. Kf5 Kxd5 55. Kf6 Kd6 56. Kf5 Bb8 57. Kf6 Kc6 58. Ke6 Kxb7 59. Kd5 Ba7 60. Kc4 Kc6 61. Kxb4 Kd5 62. Kb5 Ke5 63. Kc4 Kf4 64. b4 Ke3 65. b5 Bb6 66. Bf5 Ba5 67. Bd3 Bb6 68. Bf5 Ba5 69. Bd3 Kf4 70. Kxd4 Kg5 71. Kc5 Kf6 72. b6 Bxb6+ 1/2-1/2

[Event "Titled Tuesday 2024.12.10 Late"]
[Site "chess.com INT"]
[Date "2024.12.10"]
[Round "5"]
[White "Shankland, S."]
[Black "Vettese, Nicholas"]
[Result "1-0"]
[WhiteElo "2672"]
[BlackElo "2348"]
[PlyCount "45"]
[GameId "2129405226433724"]
[EventDate "2024.12.10"]
[EventType "swiss (blitz)"]
[EventRounds "11"]
[EventCountry "NET"]
[SourceTitle "The Week in Chess 1571"]
[Source "Mark Crowther"]
[SourceDate "2024.12.16"]
[SourceVersion "1"]
[SourceVersionDate "2024.12.16"]
[SourceQuality "2"]

1. c4 Nf6 2. g3 e6 3. Bg2 d5 4. Nf3 Be7 5. b3 O-O 6. O-O c6 7. Bb2 Nbd7 8. Nc3 a6 9. d3 e5 10. cxd5 cxd5 11. Rc1 b5 12. Nh4 Nb6 13. a4 b4 14. Nb1 Bd6 15. a5 Nbd7 16. Nf5 Bb8 17. Rxc8 Qxc8 18. Ne7+ Kh8 19. Nxc8 Rxc8 20. Nd2 Bc7 21. Qa1 Bd6 22. Rc1 h6 23. Bh3 1-0

[Event "Titled Tuesday 2024.12.10 Late"]
[Site "chess.com INT"]
[Date "2024.12.10"]
[Round "6"]
[White "Vettese, Nicholas"]
[Black "Kanakaris, G."]
[Result "1-0"]
[WhiteElo "2348"]
[BlackElo "2396"]
[PlyCount "55"]
[GameId "2129405226433942"]
[EventDate "2024.12.10"]
[EventType "swiss (blitz)"]
[EventRounds "11"]
[EventCountry "NET"]
[SourceTitle "The Week in Chess 1571"]
[Source "Mark Crowther"]
[SourceDate "2024.12.16"]
[SourceVersion "1"]
[SourceVersionDate "2024.12.16"]
[SourceQuality "2"]

1. b3 e5 2. Bb2 Nc6 3. e3 Nf6 4. Nf3 e4 5. Nd4 Bd6 6. Nf5 Bf8 7. d3 d5 8. Ng3 Bb4+ 9. Nd2 Bg4 10. Be2 Bxe2 11. Qxe2 exd3 12. Qxd3 O-O 13. O-O-O Qe7 14. Kb1 Rad8 15. Nf5 Qe6 16. g4 Bxd2 17. Qxd2 Ne4 18. Qe2 f6 19. Qb5 Nxf2 20. Qxb7 Nxh1 21. Rxh1 Rd7 22. Rd1 Rb8 23. Qa6 Kf7 24. Rf1 Ne5 25. Qxa7 Re8 26. g5 Ng4 27. gxf6 Nxe3 28. Nxe3 1-0

[Event "Titled Tuesday 2024.12.10 Late"]
[Site "chess.com INT"]
[Date "2024.12.10"]
[Round "7"]
[White "Liang, Awonder"]
[Black "Vettese, Nicholas"]
[Result "1-0"]
[WhiteElo "2687"]
[BlackElo "2348"]
[PlyCount "47"]
[GameId "2129405226450493"]
[EventDate "2024.12.10"]
[EventType "swiss (blitz)"]
[EventRounds "11"]
[EventCountry "NET"]
[SourceTitle "The Week in Chess 1571"]
[Source "Mark Crowther"]
[SourceDate "2024.12.16"]
[SourceVersion "1"]
[SourceVersionDate "2024.12.16"]
[SourceQuality "2"]

1. b3 Nf6 2. Bb2 g6 3. h4 Bg7 4. e3 d5 5. Nc3 c5 6. Qe2 Nc6 7. O-O-O e5 8. h5 Nxh5 9. Rxh5 gxh5 10. Qxh5 Be6 11. Nf3 h6 12. Bb5 Qf6 13. e4 d4 14. Nd5 Qg6 15. Qh2 Kf8 16. Re1 Rd8 17. Bxc6 bxc6 18. Nxe5 Bxe5 19. Qxe5 f6 20. Qxe6 cxd5 21. e5 Re8 22. Qd6+ Kg7 23. e6 Rd8 24. Qe7+ 1-0

[Event "Titled Tuesday 2024.12.10 Late"]
[Site "chess.com INT"]
[Date "2024.12.10"]
[Round "8"]
[White "Vettese, Nicholas"]
[Black "Lizak, P."]
[Result "0-1"]
[WhiteElo "2348"]
[BlackElo "2395"]
[PlyCount "166"]
[GameId "2129405226458996"]
[EventDate "2024.12.10"]
[EventType "swiss (blitz)"]
[EventRounds "11"]
[EventCountry "NET"]
[SourceTitle "The Week in Chess 1571"]
[Source "Mark Crowther"]
[SourceDate "2024.12.16"]
[SourceVersion "1"]
[SourceVersionDate "2024.12.16"]
[SourceQuality "2"]

1. b3 Nf6 2. Bb2 c5 3. Nf3 Nc6 4. g3 g6 5. Bg2 Bg7 6. O-O O-O 7. c4 d5 8. d3 d4 9. e3 e5 10. exd4 exd4 11. a3 a5 12. Bc1 h6 13. Re1 Re8 14. Rxe8+ Qxe8 15. h3 Bf5 16. Nh4 Bd7 17. Nd2 g5 18. Nhf3 Bf5 19. Qf1 Qe6 20. Bb2 Re8 21. Re1 Qd7 22. Rxe8+ Qxe8 23. Kh2 Qe6 24. Bc1 Bf8 25. Bb2 Bd6 26. Kg1 Kg7 27. Ba1 Kg8 28. Qb1 Bxh3 29. Bxh3 Qxh3 30. b4 axb4 31. axb4 Nxb4 32. Bb2 Bxg3 33. Bxd4 Nxd3 34. fxg3 Qxg3+ 35. Kh1 Nf4 36. Qg1 Qh3+ 37. Qh2 Qxh2+ 38. Kxh2 cxd4 39. Nxd4 h5 40. Nf5 Ng4+ 41. Kg3 Ne5 42. Nd6 b6 43. N2e4 h4+ 44. Kh2 Ne6 45. Nc8 Nxc4 46. Kh3 Ne5 47. Nxb6 Kg7 48. Nd5 Kg6 49. Ne7+ Kg7 50. Nf5+ Kg6 51. Ne7+ Kh7 52. Nf5 Nf4+ 53. Kh2 Ng4+ 54. Kh1 Kg6 55. Ne7+ Kh5 56. Nf5 h3 57. Nfg3+ Kg6 58. Nd6 f6 59. Ngf5 Nf2+ 60. Kh2 Ng4+ 61. Kh1 Ne2 62. Ne7+ Kg7 63. Nef5+ Kh7 64. Ne4 Kg6 65. Ne7+ Kh5 66. Nf5 Kg6 67. Ne7+ Kf7 68. Nf5 Ke6 69. Ng7+ Ke5 70. Nd2 Ng3+ 71. Kg1 h2+ 72. Kg2 h1=Q+ 73. Kxg3 Qe1+ 74. Kxg4 Qxd2 75. Nh5 Qf4+ 76. Nxf4 gxf4 77. Kf3 Kf5 78. Kf2 Ke4 79. Ke2 f3+ 80. Kf2 Kf4 81. Kf1 Ke3 82. Ke1 f2+ 83. Kf1 f5 0-1

[Event "North American-ch U20"]
[Site "Charlotte"]
[Date "2019.06.30"]
[Round "9"]
[White "Chen, Justin"]
[Black "Vettese, Nicholas"]
[Result "0-1"]
[WhiteElo "2305"]
[BlackElo "2247"]
[PlyCount "61"]
[GameId "1400575460446208"]
[EventDate "2019.06.26"]
[EventType "swiss"]
[EventRounds "9"]
[EventCountry "USA"]
[SourceTitle "CBM 191 Extra"]
[Source "ChessBase"]
[SourceDate "2019.09.30"]
[SourceVersion "1"]
[SourceVersionDate "2019.09.30"]
[SourceQuality "1"]

1. d4 Nf6 2. c4 g6 3. Nc3 d5 4. cxd5 Nxd5 5. Bd2 Bg7 6. e4 Nxc3 7. Bxc3 c5 8. d5 Bxc3+ 9. bxc3 O-O 10. Be2 Nd7 11. Nf3 Nf6 12. Nd2 e6 13. c4 exd5 14. exd5 b5 15. O-O bxc4 16. Bxc4 Nxd5 17. Qb3 Nb6 18. Nf3 Bb7 19. Bxf7+ Rxf7 20. Ne5 Qd5 21. Qxd5 Bxd5 22. Nxf7 Kxf7 23. f3 Ke6 24. Kf2 Kd6 25. h4 c4 26. a4 Bc6 27. a5 Nd5 28. Rab1 Rc8 29. a6 c3 30. Rfc1 Kc5 31. Ra1 0-1

[Event "World op 47th"]
[Site "Philadelphia"]
[Date "2019.07.04"]
[Round "2"]
[White "Quesada Perez, Yasser"]
[Black "Vettese, Nicholas"]
[Result "1-0"]
[WhiteElo "2572"]
[BlackElo "2269"]
[PlyCount "53"]
[GameId "1403134603276288"]
[EventDate "2019.07.03"]
[EventType "swiss"]
[EventRounds "9"]
[EventCountry "USA"]
[SourceTitle "CBM 191 Extra"]
[Source "ChessBase"]
[SourceDate "2019.09.30"]
[SourceVersion "1"]
[SourceVersionDate "2019.09.30"]
[SourceQuality "1"]

1. e4 Nf6 2. Nc3 d5 3. e5 Ne4 4. Nce2 f6 5. d3 Ng5 6. Bxg5 fxg5 7. h4 gxh4 8. Nf4 g6 9. d4 e6 10. Qg4 Be7 11. Nf3 Rf8 12. Bd3 c5 13. c4 Qa5+ 14. Kf1 dxc4 15. Bxc4 cxd4 16. Nxe6 Bxe6 17. Bxe6 Nc6 18. Bd7+ Kd8 19. Bxc6 bxc6 20. Nxd4 Ke8 21. Ne6 Rf7 22. Qd4 Rc8 23. Rh3 Qd5 24. Qg4 Qd2 25. Rf3 Rxf3 26. Qxf3 Qxb2 27. Ng7+ 1-0

[Event "Titled Tuesday intern op 13th Apr"]
[Site "Chess.com INT"]
[Date "2021.04.13"]
[Round "1"]
[White "Musat, Adrian"]
[Black "Vettese, Nicholas"]
[Result "0-1"]
[WhiteElo "2387"]
[BlackElo "2231"]
[PlyCount "72"]
[GameId "1639009969459200"]
[EventDate "2021.04.13"]
[EventType "swiss (blitz)"]
[EventRounds "11"]
[EventCountry "USA"]
[SourceTitle "CBM 201 Extra"]
[Source "ChessBase"]
[SourceDate "2021.05.31"]
[SourceVersion "1"]
[SourceVersionDate "2021.05.31"]
[SourceQuality "1"]

1. e4 Nf6 2. Bc4 Nc6 3. Nc3 e6 4. d3 d5 5. exd5 exd5 6. Bb3 Be7 7. Nf3 O-O 8. h3 Na5 9. O-O Nxb3 10. axb3 c5 11. Bf4 Bd7 12. Ne5 Be6 13. Bg3 a6 14. f4 d4 15. Ne4 Nd5 16. f5 Ne3 17. Qf3 Nxf5 18. Bh2 Ne3 19. Rf2 f5 20. Nd2 Bd5 21. Qh5 Nxc2 22. Raf1 Ne3 23. Rxf5 Nxf5 24. Rxf5 Rxf5 25. Qxf5 Qf8 26. Ng6 hxg6 27. Qxd5+ Kh7 28. Ne4 Qf5 29. Qxb7 Re8 30. Qc6 Rf8 31. Bg3 Bg5 32. Kh2 Be3 33. Qxc5 Qf1 34. Ng5+ Kh6 35. Nf3 Rxf3 36. Bd6 Qg1# 0-1

[Event "Titled Tuesday intern op 13th Apr"]
[Site "Chess.com INT"]
[Date "2021.04.13"]
[Round "4"]
[White "Indjic, Aleksandar"]
[Black "Vettese, Nicholas"]
[Result "1-0"]
[WhiteElo "2607"]
[BlackElo "2231"]
[PlyCount "69"]
[GameId "1639009972203520"]
[EventDate "2021.04.13"]
[EventType "swiss (blitz)"]
[EventRounds "11"]
[EventCountry "USA"]
[SourceTitle "CBM 201 Extra"]
[Source "ChessBase"]
[SourceDate "2021.05.31"]
[SourceVersion "1"]
[SourceVersionDate "2021.05.31"]
[SourceQuality "1"]

1. d4 Nf6 2. Bg5 g6 3. Nf3 Bg7 4. Nbd2 d5 5. c3 a5 6. e3 O-O 7. h4 Nh5 8. Bf4 Nxf4 9. exf4 Bg4 10. Be2 c5 11. dxc5 Qc7 12. g3 Qxc5 13. Nb3 Qb6 14. a4 Nc6 15. Rb1 Rfd8 16. O-O d4 17. Nfxd4 Nxd4 18. Nxd4 Bxd4 19. cxd4 Rxd4 20. Bxg4 Rxd1 21. Rfxd1 Qb3 22. Rd4 Qc2 23. Rbd1 Qxb2 24. Kg2 b5 25. R1d2 Qb1 26. Rd1 Qb3 27. R1d3 Qc2 28. Bf3 Rb8 29. Rd8+ Rxd8 30. Rxd8+ Kg7 31. axb5 Qb2 32. Rb8 a4 33. b6 e5 34. fxe5 Qxe5 35. Ra8 1-0

[Event "Francophonie-chT Rapid"]
[Site "Tornelo INT"]
[Date "2022.06.04"]
[Round "1.6"]
[White "Vasquez, Georges"]
[Black "Vettese, Nicholas"]
[Result "0-1"]
[WhiteElo "1856"]
[BlackElo "2231"]
[PlyCount "68"]
[GameId "1788681188511744"]
[EventDate "2022.06.04"]
[EventType "team-swiss (rapid)"]
[EventRounds "11"]
[EventCountry "FRA"]
[SourceTitle "CBM 208 Extra"]
[Source "ChessBase"]
[SourceDate "2022.07.31"]
[SourceVersion "1"]
[SourceVersionDate "2022.07.31"]
[SourceQuality "1"]
[WhiteTeam "MAT ton handicap"]
[BlackTeam "Canada"]
[WhiteTeamCountry "FRA"]
[BlackTeamCountry "CAN"]

1. d4 d5 2. Bf4 Nf6 3. e3 e6 4. Nf3 c5 5. c3 Nc6 6. Nbd2 Be7 7. Bd3 O-O 8. Ne5 g6 9. Nxc6 bxc6 10. Bh6 Re8 11. O-O Rb8 12. Rb1 Qa5 13. a3 c4 14. Bc2 c5 15. Nf3 Nd7 16. h4 Bf6 17. h5 Bb7 18. hxg6 hxg6 19. Re1 Rbd8 20. Bg5 Kg7 21. Bxf6+ Nxf6 22. Ne5 Qc7 23. f3 Rh8 24. Kf2 Nh5 25. Rh1 f6 26. Nxg6 Qg3+ 27. Kf1 Nf4 28. Nxf4 Rxh1+ 29. Ke2 Rxd1 30. Rxd1 Kf7 31. Rh1 Rg8 32. Rh7+ Rg7 33. Rxg7+ Qxg7 34. Kf1 e5 0-1

[Event "Francophonie-chT Rapid"]
[Site "Tornelo INT"]
[Date "2022.06.04"]
[Round "3.1"]
[White "Sambuev, Bator"]
[Black "Vettese, Nicholas"]
[Result "1-0"]
[WhiteElo "2497"]
[BlackElo "2231"]
[PlyCount "95"]
[GameId "1788681188937728"]
[EventDate "2022.06.04"]
[EventType "team-swiss (rapid)"]
[EventRounds "11"]
[EventCountry "FRA"]
[SourceTitle "CBM 208 Extra"]
[Source "ChessBase"]
[SourceDate "2022.07.31"]
[SourceVersion "1"]
[SourceVersionDate "2022.07.31"]
[SourceQuality "1"]
[WhiteTeam "Quebec"]
[BlackTeam "Canada"]
[WhiteTeamCountry "CAN"]
[BlackTeamCountry "CAN"]

1. d4 d5 2. Nf3 Nf6 3. e3 e6 4. Bd3 Bd6 5. O-O O-O 6. b3 c5 7. Bb2 Nc6 8. a3 b6 9. Nbd2 Bb7 10. Qe2 Qe7 11. Ne5 Nd7 12. f4 f5 13. c4 cxd4 14. exd4 Nf6 15. b4 dxc4 16. Bxc4 Nd5 17. Rac1 Rac8 18. Bxd5 exd5 19. Qb5 Nb8 20. Rfe1 Rxc1 21. Rxc1 Qe6 22. Ndf3 Rc8 23. Re1 Qe8 24. Qd3 Qf8 25. b5 Re8 26. a4 Re7 27. Rc1 Rc7 28. Rxc7 Bxc7 29. Ba3 Qf6 30. Qc2 Bd8 31. g3 g6 32. h4 Qe6 33. Kf2 a6 34. Ng5 Qc8 35. Qxc8 Bxc8 36. Bd6 axb5 37. Bxb8 bxa4 38. Bd6 h6 39. Ngf3 Kg7 40. Ke3 Ba6 41. Nc6 Bf6 42. Nb4 Bc4 43. Nd2 b5 44. Nxc4 dxc4 45. Be5 g5 46. hxg5 hxg5 47. fxg5 Bxe5 48. dxe5 1-0

[Event "Francophonie-chT Rapid"]
[Site "Tornelo INT"]
[Date "2022.06.04"]
[Round "4.5"]
[White "Vettese, Nicholas"]
[Black "Thompson, Edward Nii Lamptey"]
[Result "1-0"]
[WhiteElo "2231"]
[BlackElo "1686"]
[PlyCount "31"]
[GameId "1788681189265408"]
[EventDate "2022.06.04"]
[EventType "team-swiss (rapid)"]
[EventRounds "11"]
[EventCountry "FRA"]
[SourceTitle "CBM 208 Extra"]
[Source "ChessBase"]
[SourceDate "2022.07.31"]
[SourceVersion "1"]
[SourceVersionDate "2022.07.31"]
[SourceQuality "1"]
[WhiteTeam "Canada"]
[BlackTeam "Ghana II"]
[WhiteTeamCountry "CAN"]
[BlackTeamCountry "GHA"]

1. e4 c5 2. Nf3 d6 3. d4 cxd4 4. Nxd4 Nf6 5. Nc3 g6 6. Be3 Bg7 7. f3 a6 8. g4 Qc7 9. g5 Nfd7 10. Nd5 Qd8 11. Qd2 b5 12. h4 Bb7 13. h5 gxh5 14. Nf5 Bf8 15. Qc3 Rg8 16. Nc7+ 1-0